| 000 | 03833nam a2200529Ia 4500 | ||
|---|---|---|---|
| 001 | dia_1743 | ||
| 003 | CHAP | ||
| 005 | 20240503125705.0 | ||
| 007 | ta | ||
| 008 | 220117s2015 mx bdeofr 001 0 spa d | ||
| 040 |
_cCHAP _amxchpua |
||
| 090 |
_aT.C.711 _bS26 EIUPA _c2015 |
||
| 245 | 1 | 3 |
_aCooperativa Campesina Intercomunal Peumo Coopeumo Ltda. : _bregión Libertador Bernardo O´Higgins, Chile / _ccoordinadora Ofelia Sandoval Castilla ; colaboradores Julio César Briones Juárez...[et al.] |
| 260 |
_aMéxico : _bEl autor, _c2015 |
||
| 300 |
_a116 hojas : _bmapas, gráficas, diagramas, tablas, fotos, planos + _e1 CD-ROM |
||
| 336 |
_2rdacontent _atexto _btxt |
||
| 337 |
_2rdamedia _ano mediado _bn |
||
| 338 |
_2rdacarrier _avolumen _bnc |
||
| 500 | _aGrado 7° Grupo 4 El CD contiene reporte y planos | ||
| 502 |
_aViaje de estudios _b(EIUPA) -- _cUACh. Departamento de Ingeniería Agroindustrial, _d2015 |
||
| 504 | _aBibliografía: hojas 112-116 | ||
| 505 | _a9 planos -- 1. Plano general de distribución de áreas (propuesta) (Esc. 1:500) -- 2. Plano general de distribución de áreas (actual) (Esc. 1:500) -- 3. Plano de distribución de áreas actual(Esc. 1:50) -- 4. Plano de distribución de áreas ideal (planta ciruela) (Esc. 1:50) -- 5. Plano de distribución de áreas propuesta (planta ciruela) (Esc. 1:50) -- 6. Plano de distribución de áreas propuesta (planta hortalizas) (Esc. 1:50) -- 7. Plano de distribución de equipos actual (planta ciruela) (Esc. 1:50) -- 8. Plano de distribución de equipos ideal (planta ciruela) (Esc. 1:50) -- 9. Plano de distribución de equipos propuesta (planta ciruela) (Esc. 1:50) | ||
| 650 | 1 | 3 |
_aFrutos _9150524 |
| 650 | 1 | 3 |
_aIndustria agrícola _9151807 _zChile |
| 650 | 1 | 3 |
_aVerduras _9150530 |
| 650 | 1 | 3 |
_aAgricultural industry _9151806 _zChile |
| 650 | 1 | 3 |
_aFruits _9150789 |
| 650 | 1 | 3 |
_aVegetables _9151808 |
| 700 | 1 |
_aSandoval Castilla, Ofelia _9151810 _ecoordinadora |
|
| 700 | 1 |
_aBriones Juárez, Julio César _9134758 _ecolaborador |
|
| 856 | 4 | 1 |
_uhttp://10.13.5.2/ve/TC711EIUPA/TC711EIUPA2015-PLANO-DISTRIBUCIONDEAREASGENERALPOPUESTA.pdf _yDESCARGAR PLANO GENERAL DE DISTRIBUCIÓN DE ÁREAS (PROPUESTA) |
| 856 | 4 | 1 |
_uhttp://10.13.5.2/ve/TC711EIUPA/TC711EIUPA2015-PLANO-DISTRIBUCIONGENERALDEAREAS.pdf _yDESCARGAR PLANO GENERAL DE DISTRIBUCIÓN DE ÁREAS (ACTUAL) |
| 856 | 4 | 1 |
_uhttp://10.13.5.2/ve/TC711EIUPA/TC711EIUPA2015-PLANO-DISTRIBUCIONDEAREASACTUAL.pdf _yDESCARGAR PLANO DE DISTRIBUCIÓN DE ÁREAS ACTUAL |
| 856 | 4 | 1 |
_uhttp://10.13.5.2/ve/TC711EIUPA/TC711EIUPA2015-PLANO-DISTRIBUCIONDEAREAS.pdf _yDESCARGAR PLANO DE DISTRIBUCIÓN DE ÁREAS IDEAL (PLANTA CIRUELA) |
| 856 | 4 | 1 |
_uhttp://10.13.5.2/ve/TC711EIUPA/TC711EIUPA2015-PLANO-DISTRIBUCIONDEAREASPROPUESTA.pdf _yDESCARGAR PLANO DE DISTRIBUCIÓN DE ÁREAS PROPUESTA (PLANTA CIRUELA) |
| 856 | 4 | 1 |
_uhttp://10.13.5.2/ve/TC711EIUPA/TC711EIUPA2015-PLANO-DISTRIBUCIONPROPUESTAHORTALIZAS.pdf _yDESCARGAR PLANO DE DISTRIBUCIÓN DE ÁREAS PROPUESTA (PLANTA HORTALIZAS) |
| 856 | 4 | 1 |
_uhttp://10.13.5.2/ve/TC711EIUPA/TC711EIUPA2015-PLANO-DISTRIBUCIONDEEQUIPOACTUAL.pdf _yDESCARGAR PLANO DE DISTRIBUCIÓN DE EQUIPOS ACTUAL (PLANTA CIRUELA) |
| 856 | 4 | 1 |
_uhttp://10.13.5.2/ve/TC711EIUPA/TC711EIUPA2015-PLANO-DISTRIBUCIONDEEQUIPODETALLADO.pdf _yDESCARGAR PLANO DE DISTRIBUCIÓN DE EQUIPOS IDEAL (PLANTA CIRUELA) |
| 856 | 4 | 1 |
_uhttp://10.13.5.2/ve/TC711EIUPA/TC711EIUPA2015-PLANO-DISTRIBUCIONDEEQUIPOPROPUESTA.pdf _yDESCARGAR PLANO DE DISTRIBUCIÓN DE EQUIPOS PROPUESTA (PLANTA CIRUELA) |
| 856 | 4 | 1 |
_uhttp://10.13.5.2/ve/TC711EIUPA/TC711EIUPA2015-REPORTE.pdf _yDESCARGAR REPORTE |
| 901 | _aT.C.711 S26 EIUPA 2015 | ||
| 902 | _aM | ||
| 905 | _a5232272015 mx enml8223123322spa16 | ||
| 942 | _2local | ||
| 942 | _cVE | ||
| 999 |
_c172446 _d172446 |
||